logo

Bir Sreshtho Munshi Abdur Rouf Library
Jhenaidah Cadet College

রোকেয়া : যুক্তিবাদ মনবজাগরণ ও শিক্ষা সমাজতত্ত্ব / (Record no. 8185)

MARC details
000 -LEADER
fixed length control field 00869nam a2200241 a 4500
001 - CONTROL NUMBER
JCCL Control Number 1675
003 - CONTROL NUMBER IDENTIFIER
JCCL marc code BD-JhCC
005 - DATE AND TIME OF LATEST TRANSACTION
control field 20180219110511.0
008 - FIXED-LENGTH DATA ELEMENTS--GENERAL INFORMATION
fixed length control field 171023s2008 bg |||| ||a| 000 0 ben d
020 ## - INTERNATIONAL STANDARD BOOK NUMBER
International Standard Book Number 9847011700373
035 ## - SYSTEM CONTROL NUMBER
system control number (BD-JhCC)1675
040 ## - CATALOGING SOURCE
Original cataloging agency BD-JhCC
Modifying agency BD-JhCC
041 ## - LANGUAGE CODE
Language code of Book ben
082 ## - DEWEY DECIMAL CLASSIFICATION NUMBER
Classification number 305.42
Author mark and Year ROK 2008
245 ## - TITLE STATEMENT
Title রোকেয়া : যুক্তিবাদ মনবজাগরণ ও শিক্ষা সমাজতত্ত্ব /
Statement of responsibility, etc আনোয়ারুল্লাহ ভূঁইয়া (সম্পাদনা)
260 ## - PUBLICATION, DISTRIBUTION, ETC. (IMPRINT)
Place of publication, distribution, etc ঢাকা :
Name of publisher, distributor, etc রোদেলা প্রকাশনী,
Date of publication, distribution, etc ২০০৮.
300 ## - PHYSICAL DESCRIPTION
Pagination 399 p. :
Dimensions 23 cm.
600 ## - SUBJECT ADDED ENTRY--PERSONAL NAME
Personal name Rokeya
650 ## - SUBJECT ADDED ENTRY--TOPICAL TERM
Topical term or geographic name as entry element Sociology
700 ## - ADDED ENTRY--PERSONAL NAME
Personal name ভূঁইয়া, আনোয়ারুল্লাহ
942 ## - ADDED ENTRY ELEMENTS (KOHA)
Source of classification or shelving scheme Dewey Decimal Classification
Koha item type Books

No items available.


JCC Library | Contacts | JCC Home

Last Update on 23 September 2017
Copyright @ 2017-2020 JCC Rouf Library
Rouf Library, Jhenidah Cadet College (JCC), Bangladesh